[Event "Manaus Regional Norte-ch"]
[Site "Manaus"]
[Date "2017.09.10"]
[Round "6"]
[White "Leite, Thales Ferreira"]
[Black "Martins, Clauber Figueiredo"]
[Result "1-0"]
[WhiteElo "1853"]
[BlackElo "2033"]
[PlyCount "109"]
[EventDate "2017.09.07"]
[EventType "swiss"]
[EventRounds "7"]
[EventCountry "BRA"]
[SourceTitle "CBM 180 Extra"]
[Source "ChessBase"]
[SourceDate "2017.10.06"]
[SourceVersion "1"]
[SourceVersionDate "2017.10.06"]
[SourceQuality "1"]

1. e4 e6 2. b3 Nf6 3. e5 Nd5 4. Nf3 c5 5. Bb2 Be7 6. c4 Nf4 7. d4 cxd4 8. Qxd4 Ng6 9. Nc3 Nc6 10. Qe3 Qa5 11. 0-0-0 a6 12. Kb1 Ncxe5 13. Ne4 Ng4 14. Qd4 f6 15. h3 N4e5 16. Nd6+ Bxd6 17. Qxd6 Nf7 18. Qg3 Nh6 19. Nd4 e5 20. Bd3 0-0 21. Nf5 Nxf5 22. Bxf5 Ne7 23. Bxd7 Rd8 24. Bxc8 Raxc8 25. Qg4 Rc6 26. Rxd8+ Qxd8 27. Rd1 Rd6 28. Qe6+ Rxe6 29. Rxd8+ Kf7 30. Rd7 Kg6 31. Rxb7 Nf5 32. Rd7 Nh4 33. g3 Nf3 34. Kc2 h5 35. h4 e4 36. Bd4 Nxd4+ 37. Rxd4 e3 38. fxe3 Rxe3 39. Rd3 Re2+ 40. Kc3 Rxa2 41. c5 Ra5 42. Kd4 Kf7 43. Kd5 Ke7 44. Kc6 g5 45. Re3+ Kd8 46. Kd6 Ra1 47. Rf3 Rd1+ 48. Kc6 gxh4 49. gxh4 Rd4 50. Rxf6 Rxh4 51. Rd6+ Kc8 52. Rh6 Kb8 53. Kd7 Rd4+ 54. Rd6 Rxd6+ 55. cxd6 1-0

[Event "Belem op 2nd"]
[Site "Belem"]
[Date "2017.07.07"]
[Round "1"]
[White "Martins, Clauber Figueiredo"]
[Black "Medeiros, Jose Eduardo Guimar"]
[Result "1/2-1/2"]
[WhiteElo "2058"]
[BlackElo "1653"]
[PlyCount "121"]
[EventDate "2017.07.07"]
[EventType "swiss"]
[EventRounds "6"]
[EventCountry "BRA"]
[SourceTitle "EXT 2018"]
[Source "ChessBase"]
[SourceDate "2017.10.13"]
[SourceVersion "1"]
[SourceVersionDate "2017.10.13"]
[SourceQuality "1"]

1. e4 e6 2. d4 d5 3. exd5 exd5 4. c4 c6 5. Nc3 Bb4 6. Nf3 Nf6 7. Bd3 0-0 8. 0-0 Bg4 9. Bg5 dxc4 10. Bxc4 Nbd7 11. Re1 Qc7 12. h3 Bh5 13. Rc1 Nb6 14. Bb3 Bxc3 15. bxc3 Qd6 16. Qd3 Bg6 17. Qd2 Ne4 18. Qf4 Qxf4 19. Bxf4 Nd5 20. Bxd5 cxd5 21. c4 dxc4 22. Ne5 Nf6 23. Rxc4 Rfe8 24. Rec1 Nd5 25. Nxg6 hxg6 26. Bg3 b6 27. a3 a6 28. Rc6 b5 29. Rd6 Red8 30. Rcc6 Nf6 31. f3 a5 32. Be1 Rdb8 33. Rb6 a4 34. Bb4 Ne8 35. Rxb8 Rxb8 36. Rc6 Nf6 37. Rc5 Nd7 38. Rd5 Nf6 39. Rd6 Ne8 40. Rc6 Nf6 41. Kf2 Nd5 42. Bd2 b4 43. axb4 Nxb4 44. Bxb4 Rxb4 45. Ke3 Rb3+ 46. Ke4 Kf8 47. Rc7 Rb1 48. Ra7 Ra1 49. d5 a3 50. d6 Ke8 51. Re7+ Kd8 52. Ra7 a2 53. Kf4 Kc8 54. h4 Kd8 55. Kg3 Kc8 56. Kh2 Kd8 57. g4 f6 58. f4 g5 59. fxg5 fxg5 60. h5 Ke8 61. Kg2 1/2-1/2

[Event "Belem FEXPA U2200 op 1st"]
[Site "Belem"]
[Date "2017.05.21"]
[Round "6"]
[White "Veiga, Emerson de Sousa"]
[Black "Martins, Clauber Figueiredo"]
[Result "1-0"]
[WhiteElo "2064"]
[BlackElo "2062"]
[PlyCount "32"]
[EventDate "2017.05.19"]
[EventType "swiss"]
[EventRounds "6"]
[EventCountry "BRA"]
[SourceTitle "EXT 2018"]
[Source "ChessBase"]
[SourceDate "2017.10.13"]
[SourceVersion "1"]
[SourceVersionDate "2017.10.13"]
[SourceQuality "1"]

1. d4 d5 2. c4 e6 3. Nf3 Nf6 4. Nc3 Bb4 5. Qc2 dxc4 6. Bg5 b5 7. e4 Bb7 8. e5 Bxf3 9. gxf3 Qd5 10. Bg2 h6 11. Be3 Nbd7 12. 0-0 Qb7 13. f4 c6 14. f5 Nf8 15. fxe6 Nxe6 16. d5 Bxc3 1-0

[Event "Paraense zt"]
[Site "Belem"]
[Date "2016.09.10"]
[Round "3.3"]
[White "Martins, Clauber Figueiredo"]
[Black "Leao, Flavio Sanchez"]
[Result "1-0"]
[WhiteElo "2054"]
[BlackElo "1849"]
[PlyCount "30"]
[EventDate "2016.09.09"]
[EventType "swiss"]
[EventRounds "5"]
[EventCountry "BRA"]
[SourceTitle "EXT 2022"]
[Source "ChessBase"]
[SourceDate "2021.10.06"]
[SourceVersion "1"]
[SourceVersionDate "2021.10.06"]
[SourceQuality "1"]

1. e4 c5 2. Nf3 Nc6 3. d4 cxd4 4. Nxd4 d6 5. Nc3 a6 6. Bc4 e6 7. 0-0 Nf6 8. Bg5 Be7 9. Nxc6 bxc6 10. Qe2 d5 11. exd5 cxd5 12. Rad1 Qc7 13. Bxf6 Qxc4 14. Qxc4 dxc4 15. Bxe7 Kxe7 1-0

[Event "Belem Leao Memorial"]
[Site "Belem"]
[Date "2016.06.05"]
[Round "6"]
[White "Martins, Clauber Figueiredo"]
[Black "Alboredo, Julia"]
[Result "1-0"]
[WhiteElo "2048"]
[BlackElo "2147"]
[PlyCount "121"]
[EventDate "2016.06.03"]
[EventType "swiss"]
[EventRounds "6"]
[EventCountry "BRA"]
[SourceTitle "CBM 172 Extra"]
[Source "ChessBase"]
[SourceDate "2016.06.21"]
[SourceVersion "1"]
[SourceVersionDate "2016.06.21"]
[SourceQuality "1"]

1. d4 Nf6 2. c4 g6 3. Nc3 Bg7 4. g3 0-0 5. Bg2 d6 6. e4 Nbd7 7. Nge2 e5 8. d5 a5 9. 0-0 Nc5 10. Be3 b6 11. a3 Ng4 12. Bxc5 bxc5 13. h3 Nf6 14. Nb5 Ne8 15. Qc2 f5 16. f3 Nf6 17. Nec3 Nh5 18. Ne2 Bh6 19. Kh2 Bd7 20. Rad1 Rf7 21. Nbc3 Qe7 22. exf5 gxf5 23. f4 e4 24. Qd2 Rb8 25. Rb1 Rg7 26. Qe3 Kh8 27. Rg1 Rbg8 28. Bh1 Qf7 29. b4 axb4 30. axb4 cxb4 31. Rxb4 Nf6 32. Nd1 Qh5 33. Nf2 Rg6 34. Rg2 Ra8 35. Rb1 Ra2 36. Re1 Qf3 37. Nd4 Qh5 38. Kg1 Rg8 39. Ne6 c5 40. Qc3 Qf7 41. g4 fxg4 42. Nxe4 Rxg2+ 43. Bxg2 gxh3 44. Qxh3 Nxe4 45. Qxh6 Nd2 46. Kh1 Rg6 47. Qh3 Qf6 48. Kg1 Bxe6 49. Rxe6 Qd4+ 50. Kh1 Rxe6 51. dxe6 Ne4 52. Qf3 Qa1+ 53. Kh2 Nd2 54. Qd3 Qe1 55. f5 Qh4+ 56. Qh3 Qf2 57. Qc3+ Kg8 58. Qg3+ Qxg3+ 59. Kxg3 Kg7 60. e7 Kf7 61. f6 1-0

[Event "Parauapebas Paraense-ch"]
[Site "Parauapebas"]
[Date "2015.11.22"]
[Round "5"]
[White "Chaves, Allysson Pereira"]
[Black "Martins, Clauber Figueiredo"]
[Result "0-1"]
[WhiteElo "1980"]
[BlackElo "2039"]
[PlyCount "96"]
[EventDate "2015.11.20"]
[EventType "swiss"]
[EventRounds "6"]
[EventCountry "BRA"]
[SourceTitle "CBM 169 Extra"]
[Source "ChessBase"]
[SourceDate "2015.12.18"]
[SourceVersion "1"]
[SourceVersionDate "2015.12.18"]
[SourceQuality "1"]

1. d4 e6 2. c4 d5 3. Nf3 Nf6 4. Nc3 c5 5. cxd5 exd5 6. g3 Nc6 7. Bg5 cxd4 8. Nxd4 Be7 9. Bg2 Be6 10. 0-0 0-0 11. e3 h6 12. Bxf6 Bxf6 13. Nce2 Qb6 14. Nxe6 fxe6 15. Nf4 Ne5 16. Nxe6 Rfe8 17. Nd4 Rad8 18. Qb3 Qxb3 19. axb3 a6 20. Ra5 Nd3 21. Bxd5+ Kh8 22. Bxb7 Nxb2 23. Bxa6 Bxd4 24. exd4 Rxd4 25. Ra2 Nd1 26. Rc2 Re6 27. Bb7 Rd3 28. Kg2 Nc3 29. Ra1 Nb5 30. Ra8+ Kh7 31. Rc5 Nd6 32. Bd5 Rf6 33. Ra2 h5 34. Bc4 Nxc4 35. Rxh5+ Kg6 36. Rc5 Nd6 37. Rb2 Ne4 38. Rcc2 Ng5 39. f4 Nf3 40. Rc4 Nd2 41. Rb4 Re6 42. Rb5 Re2+ 43. Kh3 Re4 44. b4 Nf3 45. Rb6+ Kh7 46. Rb7 Re6 47. Kg4 Rh6 48. h4 Rg6+ 0-1

[Event "Belem Velha 3rd"]
[Site "Belem"]
[Date "2015.10.25"]
[Round "7.4"]
[White "Martins, Clauber Figueiredo"]
[Black "Assuncao, Darlane Brito"]
[Result "1-0"]
[WhiteElo "2053"]
[BlackElo "1736"]
[PlyCount "145"]
[EventDate "2015.10.21"]
[EventType "tourn"]
[EventRounds "7"]
[EventCountry "BRA"]
[SourceTitle "EXT 2022"]
[Source "ChessBase"]
[SourceDate "2021.10.06"]
[SourceVersion "1"]
[SourceVersionDate "2021.10.06"]
[SourceQuality "1"]

1. e4 d6 2. d4 Nf6 3. Bd3 g6 4. c3 Bg7 5. Nf3 0-0 6. Bf4 Nh5 7. Bg5 h6 8. Be3 e5 9. Nbd2 Nc6 10. d5 Ne7 11. h3 Bd7 12. Qb3 Qc8 13. g4 Nf4 14. Bxf4 exf4 15. Nd4 Re8 16. 0-0-0 c6 17. N2f3 cxd5 18. exd5 Qc5 19. Kb1 Reb8 20. Rhe1 Nc8 21. Bb5 Bxb5 22. Qxb5 Qxb5 23. Nxb5 a6 24. Re8+ Kh7 25. Na3 Nb6 26. Re7 Kg8 27. c4 Na4 28. Nd4 Kf8 29. Re2 Re8 30. Rxe8+ Rxe8 31. Nac2 Rc8 32. Rd3 Nc5 33. Rf3 Be5 34. Kc1 Ne4 35. b3 Ng5 36. Rd3 Ne4 37. f3 Nf2 38. Rd2 Nxh3 39. Rh2 Ng5 40. Rxh6 Kg7 41. Rh2 Rh8 42. Rxh8 Kxh8 43. Kd2 Kg7 44. Ke2 Kf6 45. Kd3 Ke7 46. Ne1 Kd7 47. b4 Kc7 48. c5 b6 49. cxb6+ Kxb6 50. a4 Bxd4 51. Kxd4 a5 52. Kc4 Nh7 53. Nc2 Nf6 54. b5 Nh7 55. Kd4 Ng5 56. Ne1 Kc7 57. Kd3 Kb6 58. Ke2 Nh7 59. Nd3 g5 60. Nf2 Nf6 61. Kd3 Nxd5 62. Ne4 f6 63. Kd4 Ne3 64. Nxd6 Nc2+ 65. Ke4 Kc5 66. Ne8 Na3 67. Nxf6 Nxb5 68. axb5 Kxb5 69. Kd3 a4 70. Ne4 Kb4 71. Kc2 Kc4 72. Nxg5 a3 73. Ne6 1-0

[Event "Belem Velha 3rd"]
[Site "Belem"]
[Date "2015.10.25"]
[Round "6.1"]
[White "Moraes, Nelson da Silva"]
[Black "Martins, Clauber Figueiredo"]
[Result "1-0"]
[WhiteElo "2185"]
[BlackElo "2053"]
[PlyCount "69"]
[EventDate "2015.10.21"]
[EventType "tourn"]
[EventRounds "7"]
[EventCountry "BRA"]
[SourceTitle "EXT 2022"]
[Source "ChessBase"]
[SourceDate "2021.10.06"]
[SourceVersion "1"]
[SourceVersionDate "2021.10.06"]
[SourceQuality "1"]

1. d4 d5 2. c4 Nf6 3. Nf3 c6 4. cxd5 cxd5 5. g3 Bf5 6. Qb3 Qc8 7. Bf4 e6 8. Bg2 Nc6 9. 0-0 Ne4 10. Rc1 Bd6 11. Bxd6 Nxd6 12. Ne5 0-0 13. Nxc6 bxc6 14. Qa4 Nb5 15. Na3 Qb7 16. Rc5 a6 17. Rac1 Rfc8 18. e3 Rab8 19. Bf1 Be4 20. Nc2 g5 21. a3 Nd6 22. Nb4 Nc4 23. Bxc4 dxc4 24. R1xc4 Qe7 25. Qd1 Qf6 26. Qg4 Bd5 27. Nxd5 exd5 28. Rxd5 h6 29. Rdc5 Rc7 30. b4 Kg7 31. h4 Rb5 32. hxg5 hxg5 33. Rxb5 axb5 34. Rc5 Kg6 35. f4 1-0

[Event "Belem Velha 3rd"]
[Site "Belem"]
[Date "2015.10.23"]
[Round "3.3"]
[White "Robinson, Malcolm"]
[Black "Martins, Clauber Figueiredo"]
[Result "1-0"]
[WhiteElo "1799"]
[BlackElo "2053"]
[PlyCount "65"]
[EventDate "2015.10.21"]
[EventType "tourn"]
[EventRounds "7"]
[EventCountry "BRA"]
[SourceTitle "EXT 2022"]
[Source "ChessBase"]
[SourceDate "2021.10.06"]
[SourceVersion "1"]
[SourceVersionDate "2021.10.06"]
[SourceQuality "1"]

1. Nf3 d5 2. d4 e6 3. c4 Nf6 4. g3 dxc4 5. Bg2 c6 6. 0-0 Bd6 7. Nc3 b5 8. e4 b4 9. e5 bxc3 10. exf6 Qxf6 11. bxc3 0-0 12. Re1 Nd7 13. Nd2 Nb6 14. Ne4 Qd8 15. Nxd6 Qxd6 16. a4 Re8 17. Ba3 Qd7 18. a5 Nd5 19. Qc2 Ba6 20. Be4 f5 21. Bf3 Rab8 22. Rab1 Rb5 23. Rxb5 cxb5 24. Bc5 Bc8 25. Bxa7 Nxc3 26. Bc5 Nd5 27. a6 Bxa6 28. Ra1 Bb7 29. Ra7 Ra8 30. Qa2 Qc6 31. Qa5 c3 32. Rxa8+ Bxa8 33. Qd8+ 1-0

[Event "Belem Velha 3rd"]
[Site "Belem"]
[Date "2015.10.22"]
[Round "2.3"]
[White "Martins, Clauber Figueiredo"]
[Black "Alves, Sergio Carlos"]
[Result "1-0"]
[WhiteElo "2053"]
[BlackElo "1951"]
[PlyCount "75"]
[EventDate "2015.10.21"]
[EventType "tourn"]
[EventRounds "7"]
[EventCountry "BRA"]
[SourceTitle "EXT 2022"]
[Source "ChessBase"]
[SourceDate "2021.10.06"]
[SourceVersion "1"]
[SourceVersionDate "2021.10.06"]
[SourceQuality "1"]

1. e4 c5 2. Nf3 d6 3. c3 Nf6 4. Be2 g6 5. 0-0 Bg7 6. Na3 0-0 7. Qc2 Nc6 8. d4 cxd4 9. cxd4 Bd7 10. d5 Ne5 11. Nxe5 dxe5 12. Rd1 Ne8 13. Be3 a6 14. Qb3 b5 15. Rac1 Nd6 16. f3 Rc8 17. Nc2 f5 18. exf5 Bxf5 19. Nb4 Bd7 20. Nxa6 Qa5 21. Nb4 Nc4 22. Nc6 Bxc6 23. dxc6 Rxc6 24. Bxc4+ bxc4 25. Rxc4 Rxc4 26. Qxc4+ Kh8 27. b4 Qa4 28. Rc1 Rd8 29. b5 Qa3 30. Qe2 e4 31. b6 Be5 32. f4 Bb8 33. b7 Kg7 34. Rb1 Kf7 35. f5 Qd6 36. fxg6+ hxg6 37. Rf1+ Kg7 38. g3 1-0

[Event "Santarem Regional Norte"]
[Site "Santarem"]
[Date "2015.09.06"]
[Round "3.2"]
[White "De Souza Monteiro, Marcos Paulo"]
[Black "Martins, Clauber Figueiredo"]
[Result "0-1"]
[WhiteElo "2052"]
[BlackElo "2056"]
[PlyCount "98"]
[EventDate "2015.09.05"]
[EventType "swiss"]
[EventRounds "6"]
[EventCountry "BRA"]
[SourceTitle "EXT 2022"]
[Source "ChessBase"]
[SourceDate "2021.10.06"]
[SourceVersion "1"]
[SourceVersionDate "2021.10.06"]
[SourceQuality "1"]

1. d4 e6 2. c4 d5 3. Nc3 Bb4 4. e3 Nf6 5. Bd3 c5 6. Nge2 Nc6 7. 0-0 0-0 8. a3 Bxc3 9. bxc3 Qa5 10. f3 dxc4 11. Bxc4 b5 12. Bd3 c4 13. Bb1 Bb7 14. Qc2 e5 15. d5 Ne7 16. e4 Rad8 17. h3 Qb6+ 18. Kh1 Rfe8 19. Ng3 Ng6 20. Qf2 Qxf2 21. Rxf2 Bc8 22. a4 a6 23. axb5 axb5 24. Rfa2 Nf4 25. Bxf4 exf4 26. Ne2 g5 27. Nd4 Nh5 28. Nxb5 Ng3+ 29. Kg1 Rxd5 30. Nd4 Rdd8 31. Bc2 Be6 32. Ba4 Bd7 33. Bxd7 Rxd7 34. Ra5 f6 35. Rc5 Rb8 36. Rxc4 Ra7 37. Rc8+ Rxc8 38. Rxa7 Rxc3 39. Ra1 Rd3 40. Nc2 Rd2 41. Nb4 Kg7 42. Re1 Kf7 43. Kh2 h5 44. Nc6 Ke6 45. Rc1 f5 46. exf5+ Nxf5 47. Nb4 Nh4 48. Rc6+ Kd7 49. Rh6 Nxf3+ 0-1

[Event "Paraense-ch"]
[Site "Belem"]
[Date "2015.08.09"]
[Round "6"]
[White "Martins, Clauber Figueiredo"]
[Black "Bonifacio, Carlos Alberto"]
[Result "1-0"]
[WhiteElo "2053"]
[BlackElo "1793"]
[PlyCount "127"]
[EventDate "2015.08.07"]
[EventType "swiss"]
[EventRounds "6"]
[EventCountry "BRA"]
[SourceTitle "EXT 2016"]
[Source "ChessBase"]
[SourceDate "2015.10.08"]
[SourceVersion "1"]
[SourceVersionDate "2015.10.08"]
[SourceQuality "1"]

1. d4 d5 2. c4 e6 3. Nf3 Nf6 4. Nc3 Be7 5. e3 0-0 6. cxd5 exd5 7. h3 c6 8. Bd3 Nbd7 9. 0-0 Re8 10. Re1 Nf8 11. Ne5 N6d7 12. f4 Bf6 13. Rf1 Bxe5 14. fxe5 f6 15. Qh5 fxe5 16. Qf7+ Kh8 17. Bf5 Re7 18. Qh5 Nf6 19. Qf3 e4 20. Qf2 Bxf5 21. Qxf5 Qd7 22. Qf2 Ne6 23. b3 Rf8 24. Ba3 Ng8 25. Qh4 Rxf1+ 26. Rxf1 Rf7 27. Rxf7 Qxf7 28. Bd6 h6 29. Be5 Kh7 30. Ne2 a6 31. Ng3 Nf6 32. Nf5 Ng8 33. Nd6 Qd7 34. Qg4 Qe7 35. Nxb7 Nxd4 36. Bxd4 Qxb7 37. Qf5+ Kh8 38. Qg6 Qd7 39. b4 Qc7 40. a4 Qd7 41. g4 Nf6 42. Bxf6 gxf6 43. Qxh6+ Kg8 44. Qxf6 Qb7 45. Qd6 Qb6 46. Qc5 Qxc5 47. bxc5 a5 48. h4 Kg7 49. h5 Kh6 50. Kf2 Kg5 51. Ke2 Kh6 52. Kd2 Kg5 53. Ke2 Kh6 54. Kf2 Kg5 55. Kg3 Kh6 56. Kf4 Kg7 57. g5 Kf7 58. Ke5 Kg7 59. h6+ Kg6 60. Kf4 Kh7 61. Kf5 Kg8 62. g6 Kh8 63. Kf6 d4 64. Kf7 1-0

[Event "Paraense-ch"]
[Site "Belem"]
[Date "2015.08.07"]
[Round "2"]
[White "Cavalheiro, Alvancir Elves"]
[Black "Martins, Clauber Figueiredo"]
[Result "0-1"]
[WhiteElo "1824"]
[BlackElo "2053"]
[PlyCount "120"]
[EventDate "2015.08.07"]
[EventType "swiss"]
[EventRounds "6"]
[EventCountry "BRA"]
[SourceTitle "EXT 2016"]
[Source "ChessBase"]
[SourceDate "2015.10.08"]
[SourceVersion "1"]
[SourceVersionDate "2015.10.08"]
[SourceQuality "1"]

1. d4 e6 2. c4 d5 3. Nc3 Nf6 4. cxd5 exd5 5. Nf3 c6 6. e3 Bg4 7. Be2 Bd6 8. h3 Bh5 9. Bd2 Nbd7 10. Qc2 Bg6 11. Bd3 Bxd3 12. Qxd3 b5 13. a3 Qe7 14. 0-0 0-0 15. Rfe1 Rfe8 16. Rac1 Rac8 17. Na2 Nb6 18. Bb4 Nc4 19. Qb3 Ne4 20. Bxd6 Qxd6 21. Nc3 a5 22. Red1 Kh8 23. Nxe4 dxe4 24. Nd2 Nxd2 25. Rxd2 f5 26. Rcd1 a4 27. Qc3 Rf8 28. Qc5 Qf6 29. d5 Qe5 30. Qd4 Qxd4 31. Rxd4 c5 32. R4d2 Rcd8 33. f3 exf3 34. gxf3 Rd6 35. e4 fxe4 36. fxe4 Re8 37. Re2 Re5 38. Kf2 g5 39. Re3 Kg7 40. Kg3 Kg6 41. Rd2 c4 42. Rde2 h5 43. Kf3 Rf6+ 44. Kg3 h4+ 45. Kg2 Kh5 46. Rf3 Rd6 47. Rfe3 g4 48. hxg4+ Kxg4 49. Kh2 Kf4 50. Kh3 Re7 51. Kh2 Ke5 52. Rh3 Rh6 53. Rg2 Rf7 54. Re2 Rf4 55. Rhe3 Rhf6 56. Kh3 Rg6 57. Kh2 Rb6 58. Kh3 Rf1 59. Rg2 Rd1 60. Kxh4 Kf4 0-1

[Event "Cuiaba Contaud op"]
[Site "Cuiaba"]
[Date "2015.07.31"]
[Round "2"]
[White "El Debs, Felipe de Cresce"]
[Black "Martins, Clauber Figueiredo"]
[Result "1-0"]
[WhiteElo "2515"]
[BlackElo "2053"]
[PlyCount "83"]
[EventDate "2015.07.31"]
[EventType "swiss"]
[EventRounds "6"]
[EventCountry "BRA"]
[SourceTitle "EXT 2016"]
[Source "ChessBase"]
[SourceDate "2015.10.08"]
[SourceVersion "1"]
[SourceVersionDate "2015.10.08"]
[SourceQuality "1"]

1. d4 e6 2. c4 Nf6 3. Nc3 Bb4 4. e3 d5 5. a3 Bxc3+ 6. bxc3 Ne4 7. Qc2 0-0 8. Bd3 f5 9. Nh3 Nc6 10. 0-0 Ne7 11. f3 Nf6 12. Bd2 Qe8 13. e4 c6 14. exf5 Nxf5 15. Rae1 Qd8 16. cxd5 cxd5 17. g4 Nd6 18. Nf4 g5 19. Nxe6 Bxe6 20. Rxe6 Nf7 21. Rfe1 Kg7 22. Re7 Re8 23. Rxe8 Nxe8 24. Bxh7 Qd6 25. Qf5 Qh6 26. Re7 Ned6 27. Qxd5 Rh8 28. Bxg5 Qxh7 29. Bf4 Qb1+ 30. Kf2 Qc2+ 31. Re2 Qg6 32. Kg3 Rd8 33. Re6 Qb1 34. Be5+ Kg8 35. Rxd6 Qg1+ 36. Kh4 Rxd6 37. Bxd6 Qe1+ 38. Bg3 Qxc3 39. g5 Qd3 40. Qe4 Qb5 41. Qg6+ Kf8 42. Bd6+ 1-0

[Event "Belem Velha op 3rd"]
[Site "Belem"]
[Date "2015.05.01"]
[Round "2"]
[White "Mekhitarian, Krikor Sevag"]
[Black "Martins, Clauber Figueiredo"]
[Result "1-0"]
[WhiteElo "2572"]
[BlackElo "2053"]
[PlyCount "49"]
[EventDate "2015.04.30"]
[EventType "swiss"]
[EventRounds "7"]
[EventCountry "BRA"]
[SourceTitle "CBM 166 Extra"]
[Source "ChessBase"]
[SourceDate "2015.06.18"]
[SourceVersion "1"]
[SourceVersionDate "2015.06.18"]
[SourceQuality "1"]

1. d4 e6 2. e4 d5 3. Nd2 Nf6 4. e5 Nfd7 5. Bd3 c5 6. c3 Nc6 7. Ngf3 Qb6 8. 0-0 cxd4 9. cxd4 Nxd4 10. Nxd4 Qxd4 11. Nf3 Qb6 12. Qc2 h6 13. Bd2 Bb4 14. Bxb4 Qxb4 15. Rac1 0-0 16. Rfe1 b6 17. a3 Qf4 18. Rcd1 f5 19. Qc6 Rb8 20. Qxe6+ Kh8 21. Qd6 Re8 22. Bb5 Rb7 23. Rd4 Nxe5 24. Nxe5 Qxd4 25. Ng6+ 1-0

[Event "Belem Velha op 2nd"]
[Site "Belem"]
[Date "2015.02.16"]
[Round "6"]
[White "Martins, Clauber Figueiredo"]
[Black "Cohen Farias, Paulo"]
[Result "1-0"]
[WhiteElo "1995"]
[BlackElo "2227"]
[PlyCount "113"]
[EventDate "2015.02.13"]
[EventType "swiss"]
[EventRounds "9"]
[EventCountry "BRA"]
[SourceTitle "CBM 164 Extra"]
[Source "ChessBase"]
[SourceDate "2015.03.02"]
[SourceVersion "1"]
[SourceVersionDate "2015.03.02"]
[SourceQuality "1"]

1. e4 c5 2. Nf3 Nc6 3. Nc3 a6 4. d4 cxd4 5. Nxd4 d6 6. Bc4 e6 7. 0-0 Nf6 8. Nxc6 bxc6 9. Bg5 Be7 10. Qe2 Qc7 11. a4 a5 12. Rad1 0-0 13. Bd3 e5 14. h3 Be6 15. b3 Rad8 16. f4 Qb6+ 17. Qf2 Qxf2+ 18. Kxf2 exf4 19. Bxf4 Nh5 20. Be3 c5 21. g4 Nf6 22. Kg2 Nd7 23. Nb5 Ne5 24. Nc7 Nxd3 25. Rxd3 c4 26. Nxe6 cxd3 27. Nxf8 dxc2 28. Rc1 Rc8 29. Nd7 d5 30. Nb6 Rc6 31. Nxd5 Ba3 32. Ra1 Bd6 33. Kf2 Kf8 34. Bc1 Bc5+ 35. Ke2 h5 36. Ra2 hxg4 37. hxg4 Bb4 38. Kd3 Rg6 39. Rxc2 f6 40. Nxb4 axb4 41. Bd2 Rxg4 42. Rc7 Ke8 43. Bxb4 f5 44. a5 fxe4+ 45. Ke2 Kd8 46. Rc4 Rg2+ 47. Kf1 Rb2 48. Rc3 Ra2 49. Bc5 Kc7 50. b4 Kc6 51. Bf8+ Kd5 52. Bxg7 Ra1+ 53. Ke2 Rb1 54. Rc5+ Kd6 55. Bc3 Rh1 56. Be5+ Ke6 57. a6 1-0

[Event "Belem Velha op 2nd"]
[Site "Belem"]
[Date "2015.02.15"]
[Round "5"]
[White "Rocha, Vitor Firmo de Souz"]
[Black "Martins, Clauber Figueiredo"]
[Result "0-1"]
[WhiteElo "2058"]
[BlackElo "1995"]
[PlyCount "78"]
[EventDate "2015.02.13"]
[EventType "swiss"]
[EventRounds "9"]
[EventCountry "BRA"]
[SourceTitle "CBM 164 Extra"]
[Source "ChessBase"]
[SourceDate "2015.03.02"]
[SourceVersion "1"]
[SourceVersionDate "2015.03.02"]
[SourceQuality "1"]

1. e4 c5 2. Nf3 Nc6 3. d4 cxd4 4. Nxd4 Nf6 5. Nc3 e6 6. Ndb5 Qa5 7. Bd2 Qb6 8. Be3 Qa5 9. f3 d5 10. Bd2 Qd8 11. Bf4 e5 12. exd5 exf4 13. dxc6 bxc6 14. Qe2+ Be6 15. Rd1 Qb8 16. Nd4 Qxb2 17. Ne4 Bb4+ 18. Kf2 Nxe4+ 19. Qxe4 0-0 20. Bd3 g6 21. Rb1 Qc3 22. Nxe6 Qd2+ 23. Be2 Ba5 24. Nxf4 Rfe8 25. Qc4 Bb6+ 26. Kf1 Rad8 27. g3 Qe3 28. Nh3 Rd2 29. Re1 Re6 30. f4 Re4 31. Qb3 Rxe2 32. Qxe3 R2xe3 33. Rxe3 Rxe3 34. Kf2 Rc3+ 35. Ke2 Rxc2+ 36. Kf3 f5 37. Rf1 Rxh2 38. Ng5 h6 39. Ne6 Kf7 0-1

[Event "Belem Velha op 2nd"]
[Site "Belem"]
[Date "2015.02.13"]
[Round "1"]
[White "Robinson, Malcolm"]
[Black "Martins, Clauber Figueiredo"]
[Result "0-1"]
[WhiteElo "1807"]
[BlackElo "1995"]
[PlyCount "92"]
[EventDate "2015.02.13"]
[EventType "swiss"]
[EventRounds "9"]
[EventCountry "BRA"]
[SourceTitle "CBM 164 Extra"]
[Source "ChessBase"]
[SourceDate "2015.03.02"]
[SourceVersion "1"]
[SourceVersionDate "2015.03.02"]
[SourceQuality "1"]

1. Nf3 d5 2. d4 e6 3. c4 dxc4 4. Qa4+ Nc6 5. g3 Bb4+ 6. Bd2 Bxd2+ 7. Nbxd2 Nf6 8. Bg2 0-0 9. Qxc4 Qd5 10. 0-0 Ne4 11. Qc2 f5 12. e3 Nxd2 13. Qxd2 Qd8 14. Rac1 Qe7 15. Rc5 Rd8 16. Qc3 Bd7 17. Rc1 Rac8 18. b4 a6 19. a4 Qf8 20. b5 axb5 21. axb5 Ne7 22. Ne5 c6 23. bxc6 bxc6 24. Nxd7 Rxd7 25. Bxc6 Rdc7 26. Qc4 Rxc6 27. Rxc6 Rxc6 28. Qf1 Rxc1 29. Qxc1 Qc8 30. Qa3 Kf7 31. Qd3 Qc6 32. Qd1 g6 33. h4 Qe4 34. Qa4 h6 35. Qd1 Qb7 36. Qa4 g5 37. hxg5 hxg5 38. Qd1 Kg6 39. Qe2 Nd5 40. Qf3 Qb1+ 41. Kh2 Qc2 42. g4 fxg4 43. Qf8 Nf6 44. Kg2 Qe4+ 45. Kg1 g3 46. d5 gxf2+ 0-1

[Event "Para State-ch sf2"]
[Site "Belem"]
[Date "2014.10.05"]
[Round "6"]
[White "Martins, Clauber Figueiredo"]
[Black "Cavalheiro, Alvancir Elves"]
[Result "1-0"]
[WhiteElo "1976"]
[BlackElo "1972"]
[PlyCount "111"]
[EventDate "2014.10.03"]
[EventType "swiss"]
[EventRounds "6"]
[EventCountry "BRA"]
[SourceTitle "EXT 2018"]
[Source "ChessBase"]
[SourceDate "2017.10.13"]
[SourceVersion "1"]
[SourceVersionDate "2017.10.13"]
[SourceQuality "1"]

1. e4 e5 2. Nf3 Nc6 3. d4 exd4 4. Nxd4 d6 5. Nc3 Nf6 6. h3 Be7 7. Bc4 Nxd4 8. Qxd4 Bd7 9. 0-0 0-0 10. f4 Bc6 11. b4 a6 12. a4 Nd7 13. Bb2 Bf6 14. Qd3 b6 15. Ra2 Bb7 16. Nd5 Bxb2 17. Rxb2 Nf6 18. c3 Nxd5 19. exd5 Qf6 20. Rbf2 Rfe8 21. Bb3 Re7 22. Bc2 Qh6 23. Re2 Rae8 24. Rfe1 Rxe2 25. Rxe2 Rxe2 26. Qxe2 g6 27. Qe4 Qg7 28. c4 Qf6 29. Kh2 Kg7 30. f5 Qc3 31. fxg6 hxg6 32. b5 axb5 33. axb5 Kf6 34. Qh4+ Kg7 35. Bd1 Bc8 36. Qf4 Bf5 37. Be2 Kf6 38. g4 Qb2 39. Qf2 Qe5+ 40. Kg2 Qe4+ 41. Kg1 Qb1+ 42. Bf1 Qe4 43. gxf5 gxf5 44. Qb2+ Kg6 45. Qg2+ Kh5 46. Be2+ Kh4 47. Qf2+ Kg5 48. Qg2+ Kh4 49. Qxe4+ fxe4 50. Bg4 Kg5 51. Kg2 f5 52. Be2 Kf4 53. Kf2 e3+ 54. Kg2 Ke4 55. Kg3 Kd4 56. Kf4 1-0